Turbulence (Record no. 5373)

000 -LEADER
fixed length control field 00511nam a2200205 i 4500
001 - CONTROL NUMBER
control field 5373
003 - CONTROL NUMBER IDENTIFIER
control field BD-DhUET
008 - FIXED-LENGTH DATA ELEMENTS--GENERAL INFORMATION
fixed length control field 750220s1975 nyua b 001 0 eng
020 ## - INTERNATIONAL STANDARD BOOK NUMBER
International Standard Book Number 0070290377
040 ## - CATALOGING SOURCE
Original cataloging agency DLC
Transcribing agency DLC
Modifying agency BD-DhUET
082 00 - DEWEY DECIMAL CLASSIFICATION NUMBER
Classification number 532.56
Item number HIN/1975
100 1# - MAIN ENTRY--PERSONAL NAME
Personal name Hinze, J. O.
245 00 - TITLE STATEMENT
Title Turbulence
250 ## - EDITION STATEMENT
Edition statement 2nd ed.
260 ## - PUBLICATION, DISTRIBUTION, ETC. (IMPRINT)
Place of publication, distribution, etc. New York
Name of publisher, distributor, etc. McGraw-Hill
Date of publication, distribution, etc. 1975
300 ## - PHYSICAL DESCRIPTION
Extent x,790p.
Other physical details ill.
Dimensions 24 cm.
490 0# - SERIES STATEMENT
Series statement McGraw-Hill series in mechanical engineering
650 #0 - SUBJECT ADDED ENTRY--TOPICAL TERM
Topical term or geographic name as entry element Turbulence
942 ## - ADDED ENTRY ELEMENTS (KOHA)
Koha item type General Book
Holdings
Koha date last seen Koha full call number Koha date last borrowed Withdrawn status Copy number Piece designation (barcode) Shelving location Sublocation or collection (holding branch) Koha issues (times borrowed) Damaged status Not for loan Koha normalized classification for sorting Lost status Source of classification or shelving scheme Koha item type Date acquired Price effective from Location (home branch)
2014-11-26532.56/HIN/1975  163813Circulation sectionCentral Library, BUET   532_560000000000000_HIN_1975  General Book2014-11-262014-11-26Central Library, BUET
2014-11-26532.56/HIN/1975  263816Circulation sectionCentral Library, BUET   532_560000000000000_HIN_1975  General Book2014-11-262014-11-26Central Library, BUET
2014-12-07532.56/HIN/1975  344334Circulation sectionCentral Library, BUET   532_560000000000000_HIN_1975  General Book2014-12-072014-12-07Central Library, BUET
2014-12-07532.56/HIN/1975  463807Circulation sectionCentral Library, BUET   532_560000000000000_HIN_1975  General Book2014-12-072014-12-07Central Library, BUET
2015-03-29532.56/HIN/19752015-03-25 563812Circulation sectionCentral Library, BUET1  532_560000000000000_HIN_1975  General Book2014-12-072014-12-07Central Library, BUET
2014-12-07532.56/HIN/1975  663805Circulation sectionCentral Library, BUET   532_560000000000000_HIN_1975  General Book2014-12-072014-12-07Central Library, BUET
2014-12-07532.56/HIN/1975  763810Circulation sectionCentral Library, BUET   532_560000000000000_HIN_1975  General Book2014-12-072014-12-07Central Library, BUET
2014-12-07532.56/HIN/1975  863808Circulation sectionCentral Library, BUET   532_560000000000000_HIN_1975  General Book2014-12-072014-12-07Central Library, BUET
2014-12-07532.56/HIN/1975  963809Circulation sectionCentral Library, BUET   532_560000000000000_HIN_1975  General Book2014-12-072014-12-07Central Library, BUET
2023-02-28532.56/HIN/19752022-11-14 1063806Circulation sectionCentral Library, BUET1  532_560000000000000_HIN_1975  General Book2014-12-072014-12-07Central Library, BUET
2015-09-14532.56/HIN/19752015-05-26 1163815Circulation sectionCentral Library, BUET1  532_560000000000000_HIN_1975  General Book2014-12-072014-12-07Central Library, BUET
2015-03-09532.56/HIN/1975  1239158Circulation sectionCentral Library, BUET   532_560000000000000_HIN_1975  General Book2015-03-092015-03-09Central Library, BUET
2015-06-07532.56/HIN/1975  1358968Reading sectionCentral Library, BUET   532_560000000000000_HIN_1975  Reading Item2015-06-072015-06-07Central Library, BUET
2015-06-07532.56/HIN/1975  1460653Reading sectionCentral Library, BUET   532_560000000000000_HIN_1975  Reading Item2015-06-072015-06-07Central Library, BUET
2015-06-23532.56/HIN/1975  1552729Reading sectionCentral Library, BUET   532_560000000000000_HIN_1975  Reading Item2015-06-232015-06-23Central Library, BUET
2024-11-27532.56 HIN/19752024-11-27 1663811Circulation sectionCentral Library, BUET1  532_560000000000000_HIN_1975  General Book1985-06-292024-11-16Central Library, BUET
2024-11-16532.56 HIN/1975     Central Library, BUET   532_560000000000000_HIN_1975  General Book2024-11-162024-11-16Central Library, BUET
2024-11-16532.56 HIN/1975  1839159Circulation sectionCentral Library, BUET   532_560000000000000_HIN_1975  General Book2025-09-032024-11-16Central Library, BUET